Hướng dẫn giải bài tập xác suất thống kê /
Sự kiện ngẫu nhiên và các phép tính xác suất. Biến ngẫu nhiên và luật phân phối xác suất. Biến ngẫu nhiên nhiều chiều. Mẫu thống kê và ước lượng tham số. Kiểm định giả thuyết thống kê. Hồi quy.
Uloženo v:
| Hlavní autor: | |
|---|---|
| Médium: | Kniha |
| Jazyk: | Vietnamese |
| Vydáno: |
[Hà Nội] :
Giáo dục,
2004.
|
| Témata: | |
| Tagy: |
Přidat tag
Žádné tagy, Buďte první, kdo otaguje tento záznam!
|
| Thư viện lưu trữ: | Mạng thư viện Đại học Đà Nẵng |
|---|
| LEADER | 01343cam a2200337 a 4500 | ||
|---|---|---|---|
| 001 | 000043690 | ||
| 003 | 1733 | ||
| 005 | 20060419103604.0 | ||
| 008 | 010217b2004 vm 000 vie | ||
| 040 | |a LRC |c LRC |d LRC | ||
| 041 | 0 | |a vie | |
| 082 | 1 | 4 | |a 519.2 |b TÔ-Q |
| 100 | 1 | |a Tống Đình Quỳ. | |
| 245 | 1 | 0 | |a Hướng dẫn giải bài tập xác suất thống kê / |c Tống Đình Quỳ. |
| 260 | |a [Hà Nội] : |b Giáo dục, |c 2004. | ||
| 300 | |a 218 tr. ; |c 20,5 cm. | ||
| 520 | 3 | |a Sự kiện ngẫu nhiên và các phép tính xác suất. Biến ngẫu nhiên và luật phân phối xác suất. Biến ngẫu nhiên nhiều chiều. Mẫu thống kê và ước lượng tham số. Kiểm định giả thuyết thống kê. Hồi quy. | |
| 630 | 0 | 4 | |a Xác suất thống kê. |
| 650 | 0 | 4 | |a Xác suất thống kê |x Bài tập. |
| OWN | |a DUT | ||
| AVA | |a UDN50 |b DUT |c Book |d 519.2 TÔ-Q |e available |t Error 5001 Not defined in file expand_doc_bib_avail. |f 3 |g 1 |h N |i 0 |j SH |k 1 | ||
| 999 | |a From the UDN01 | ||
| AVA | |a UDN50 |b DUT |c Book |d 519.2 TÔ-Q |e available |t Error 5001 Not defined in file expand_doc_bib_avail. |f 3 |g 1 |h N |i 0 |j SH |k 1 | ||
| TYP | |a Monograph | ||
| TYP | |a Printed language | ||
| 980 | |a Mạng thư viện Đại học Đà Nẵng | ||